<?xml version="1.0" encoding="UTF-8"?>
<record
    xmlns:xsi="http://www.w3.org/2001/XMLSchema-instance"
    xsi:schemaLocation="http://www.loc.gov/MARC21/slim http://www.loc.gov/standards/marcxml/schema/MARC21slim.xsd"
    xmlns="http://www.loc.gov/MARC21/slim">

  <leader>01529nam a2200241 a 4500</leader>
  <controlfield tag="001">000020249</controlfield>
  <controlfield tag="005">20200929170330.0</controlfield>
  <controlfield tag="008">091118s1988    dr ab         000 0 spa d</controlfield>
  <datafield tag="040" ind1=" " ind2=" ">
    <subfield code="a">DO-SdBNP</subfield>
    <subfield code="b">spa</subfield>
    <subfield code="c">BNPHU</subfield>
  </datafield>
  <datafield tag="082" ind1=" " ind2=" ">
    <subfield code="a">xxxx</subfield>
    <subfield code="b">xxxx</subfield>
  </datafield>
  <datafield tag="100" ind1="1" ind2=" ">
    <subfield code="a">Lluberes, Andrea Mercedes</subfield>
    <subfield code="9">42865</subfield>
  </datafield>
  <datafield tag="245" ind1="1" ind2="0">
    <subfield code="a">Estudios sociales 4 :</subfield>
    <subfield code="b">educaci&#xF3;n primaria /</subfield>
    <subfield code="c">Andrea Mercedes Lluberes ; revisado y actualizado por Rafael A. Gonz&#xE1;lez ; direcci&#xF3;n t&#xE9;cnica Yolanda R de S&#xE1;nchez ; ilustraci&#xF3;n Liliana P. de Lantigua.</subfield>
  </datafield>
  <datafield tag="250" ind1=" " ind2=" ">
    <subfield code="a">2da. ed.</subfield>
  </datafield>
  <datafield tag="260" ind1=" " ind2=" ">
    <subfield code="a">Santo Domingo :</subfield>
    <subfield code="b">Disesa,</subfield>
    <subfield code="c">1988</subfield>
    <subfield code="f">Corripio</subfield>
  </datafield>
  <datafield tag="300" ind1=" " ind2=" ">
    <subfield code="a">150 p :</subfield>
    <subfield code="b">il., maps. ;</subfield>
    <subfield code="c">27 cm.</subfield>
  </datafield>
  <datafield tag="500" ind1=" " ind2=" ">
    <subfield code="a">Educaci&#xF3;n primaria</subfield>
  </datafield>
  <datafield tag="500" ind1=" " ind2=" ">
    <subfield code="a">Este libro ha sido re-evaluado y aprobado por la Secretar&#xED;a de Estado de Educaci&#xF3;n, Bellas Artes y Cultos, mediante oficio No. 6695 de fecha 29 de julio de 1985, para ser usado como texto b&#xE1;sico para el 4to. Curso de educacion primaria.</subfield>
  </datafield>
  <datafield tag="500" ind1=" " ind2=" ">
    <subfield code="a">La biblioteca solamente posee el volumen 4.</subfield>
  </datafield>
  <datafield tag="505" ind1="0" ind2=" ">
    <subfield code="g">v. 4 :</subfield>
    <subfield code="g">unidad 1 --</subfield>
    <subfield code="t">La tierra, nuestro planeta --</subfield>
    <subfield code="g">unidad 2 --</subfield>
    <subfield code="t">La Rep&#xFA;blica Dominicana y sus caracter&#xED;sticas econ&#xF3;micas --</subfield>
    <subfield code="g">unidad 3 --</subfield>
    <subfield code="t">La vida en Santo Domingo durante el descubrimiento, conquista y colonizaci&#xF3;n --</subfield>
    <subfield code="g">unidad 4 --</subfield>
    <subfield code="t">Nacimiento, formaci&#xF3;n y evoluci&#xF3;n de nuestra patria --</subfield>
    <subfield code="g">unidad 5 --</subfield>
    <subfield code="t">Seamos buenos dominicanos --</subfield>
    <subfield code="g">unidad 6 --</subfield>
    <subfield code="t">Actividades del hombre --</subfield>
  </datafield>
  <datafield tag="700" ind1="1" ind2=" ">
    <subfield code="a">Gonz&#xE1;lez, Rafael A.</subfield>
    <subfield code="e">Rev. Act.</subfield>
    <subfield code="9">42866</subfield>
  </datafield>
  <datafield tag="700" ind1="1" ind2=" ">
    <subfield code="a">R. de S&#xE1;nchez, Yolanda</subfield>
    <subfield code="e">dir. tec.</subfield>
    <subfield code="9">42863</subfield>
  </datafield>
  <datafield tag="700" ind1="1" ind2=" ">
    <subfield code="a">P. de Lantigua, Liliana</subfield>
    <subfield code="e">il.</subfield>
    <subfield code="9">42864</subfield>
  </datafield>
  <datafield tag="952" ind1=" " ind2=" ">
    <subfield code="0">0</subfield>
    <subfield code="1">0</subfield>
    <subfield code="7">1</subfield>
    <subfield code="8">PD</subfield>
    <subfield code="a">PD</subfield>
    <subfield code="b">PD</subfield>
    <subfield code="c">HD</subfield>
    <subfield code="d">2015-06-24</subfield>
    <subfield code="i">LF1</subfield>
    <subfield code="l">0</subfield>
    <subfield code="o">v. 4</subfield>
    <subfield code="p">20249-10</subfield>
    <subfield code="r">2020-06-25</subfield>
    <subfield code="w">2020-06-25</subfield>
    <subfield code="y">LFPD</subfield>
    <subfield code="Z">No se presta</subfield>
  </datafield>
  <datafield tag="999" ind1=" " ind2=" ">
    <subfield code="c">19754</subfield>
    <subfield code="d">19754</subfield>
  </datafield>
</record>
